[Event "EU-ch 4th"]
[Site "Istanbul"]
[Date "2003.06.05"]
[Round "6"]
[White "Delchev, Aleksander"]
[Black "Georgiev, Kiril"]
[Result "0-1"]
[WhiteElo "2577"]
[BlackElo "2647"]
[Annotator "Atlas,V"]
[PlyCount "94"]
[EventDate "2003.05.30"]
[EventType "swiss"]
[EventRounds "13"]
[EventCountry "TUR"]
[SourceTitle "CBM 096"]
[Source "ChessBase"]
[SourceDate "2003.09.25"]
[SourceVersion "1"]
[SourceVersionDate "2003.09.25"]
[SourceQuality "1"]

1. d4 {Hecht} Nf6 2. c4 e6 3. Nc3 Bb4 4. e3 O-O 5. Bd3 d5 6. Nf3 c5 7. O-O dxc4
8. Bxc4 cxd4 9. exd4 b6 10. Bg5 Bb7 11. Re1 Nbd7 12. Rc1 h6 13. Bh4 a6 14. a4
Re8 15. Qd3 Ra7 16. Ba2 Qa8 17. Bb1 Bxf3 18. gxf3 Rc8 19. Bg3 Nf8 20. Red1 Rd7
21. Qe2 Rcd8 22. Be5 Ne8 23. Be4 Qa7 24. Bc6 Re7 25. Qc4 Bd6 26. Ne4 Bb8 27.
Bxe8 Rdxe8 28. Qb4 Ng6 29. Nd6 Bxd6 30. Bxd6 Rb7 31. d5 exd5 32. Rxd5 Rd7 33.
Rcd1 Qb7 34. Qd4 Red8 35. Qe4 b5 36. axb5 axb5 37. b3 Qc6 38. R5d2 Qa6 39. Bb4
Rxd2 40. Rxd2 Rxd2 41. Bxd2 {Hecht: '[#] Endspiel mit Leichtfiguren = Taktik
Damenendspiel = einfache Technik'} Qa2 42. Qd3 {'?' Hecht.} ({An imprudent
move.} 42. Qe3 $1 {was to be preferred.}) (42. Qb4 $1 {[%csl Gb3,Gd2][%cal
Gb4h4] (Hecht) nebst Le3 war der richtige Wind zur hartnäckigen Verteidigung.})
42... Ne5 $1 43. Qd8+ Kh7 44. Qd5 $2 ({A decisive mistake. More stubborn was} 
44. Bc3 Qb1+ 45. Kg2 Qg6+ 46. Kf1 Nxf3 $19 {[%csl Rh2]}) {[%tqu "En","White
has been rather careless. How can Black highlight this?","Watch out for
geometrical motifs!","Use your queen for a decisive strike!","a2d2","Of
course! This simple and nice move spells a quick end for White.",3]} 44... Qxd2
$1 {[%csl Rd5,Rf3,Rg1][%cal Ge5f3] This efficient blow punishes White's
careless play and yields Black a decisive advantage.} 45. Qxe5 ({Or} 45. Qxd2
Nxf3+ 46. Kg2 Nxd2 {, winning.}) 45... Qd1+ 46. Kg2 Qxb3 {Hecht: 'Das reine
Damenendspiel ist deshalb so leicht gewonnen, weil der schwarze König leicht
geschützt und der eigene Freibauer forciert werden kann.'} 47. h4 (47. Qf5+ {
falls short of} g6) 47... Qd3 {Black's b-pawn is unstoppable. White resigned.}
(47... Qd3 48. h5 {Hecht} b4 49. f4 b3 50. Qa1 Qd5+ $19 (50... Qc2 51. Qa4 $1 {
versteckte Verteidigung} Qb1 52. Kh2 b2 53. Qb3 {und Schwarz muß noch arbeiten}
)) 0-1

[Event "American Continental 3rd"]
[Site "Buenos Aires"]
[Date "2005.08.07"]
[Round "2"]
[White "Liascovich, Lucas Agustin"]
[Black "Vescovi, Giovanni P"]
[Result "0-1"]
[WhiteElo "2432"]
[BlackElo "2640"]
[Annotator "Atlas,V"]
[PlyCount "62"]
[EventDate "2005.08.06"]
[EventType "swiss"]
[EventRounds "11"]
[EventCountry "ARG"]
[SourceTitle "CBM 109"]
[Source "ChessBase"]
[SourceDate "2005.11.14"]
[SourceVersion "1"]
[SourceVersionDate "2005.11.14"]
[SourceQuality "1"]

1. d4 Nf6 2. c4 e6 3. Nc3 Bb4 4. e3 O-O 5. Bd3 d5 6. Nf3 c5 7. O-O cxd4 8. exd4
dxc4 9. Bxc4 Nbd7 10. Qb3 Be7 11. Re1 Nb6 12. Be2 Bd7 13. Ne5 Bc6 14. Nxc6 bxc6
15. Be3 Nfd5 16. Rad1 Nxe3 17. fxe3 Rb8 18. Qc2 Bb4 19. a3 Bxc3 20. Qxc3 Nd5
21. Qd2 a5 22. Rc1 Qb6 23. Rc2 e5 24. Bf3 Rfd8 25. Rec1 Ne7 26. Bxc6 exd4 27.
exd4 Nf5 28. Qf2 Nxd4 29. Rd2 Rd6 (29... Nf3+ {falls short of} 30. Bxf3 Rxd2
31. Qxb6 ({Of course, not} 31. Rc8+ $4 Rxc8 32. Qxb6 Rc1+) 31... Rxb6 32. Rc8+)
30. Re1 $2 ({After this big mistake White finds himself in a critical position.
Correct was} 30. Ba4) ({or} 30. Be4 f5 31. Bd3) 30... h6 $1 31. Ba4 $2 ({
The final mistake. Essential was} 31. Kh1) {[%tqu "En","Black's pieces
dominate the board. How should he continue?","Exploit a shaky position of
White's d2-rook.","Sacrifice your knight!","d4f3","This is very simple and
very neat.",4]} 31... Nf3+ $1 {[%csl Gb6,Rd2,Gd6,Rf2,Gf3,Rg1][%cal Gd6d2,Gb6g1]
} (31... Nf3+ {, and White resigned, as after} 32. gxf3 Rxd2 33. Qxb6 Rxb6 {
his position is absolutely hopeless.}) 0-1

[Event "Sigeman & Co 13th"]
[Site "Malmo/Copenhagen"]
[Date "2005.04.17"]
[Round "3"]
[White "Hansen, Sune Berg"]
[Black "Hermansson, Emil"]
[Result "1-0"]
[WhiteElo "2553"]
[BlackElo "2432"]
[Annotator "Atlas,V"]
[PlyCount "83"]
[EventDate "2005.04.15"]
[EventType "tourn"]
[EventRounds "9"]
[EventCountry "SWE"]
[EventCategory "13"]
[SourceTitle "CBM 107"]
[Source "ChessBase"]
[SourceDate "2005.08.01"]
[SourceVersion "1"]
[SourceVersionDate "2005.08.01"]
[SourceQuality "1"]

1. e4 c6 2. d4 d5 3. exd5 cxd5 4. c4 Nf6 5. Nc3 e6 6. Nf3 Bb4 7. Bd3 dxc4 8.
Bxc4 O-O 9. O-O b6 10. Bg5 Bb7 11. Ne5 Bxc3 12. bxc3 Nbd7 13. Qe2 Qc7 14. Nxd7
Nxd7 15. Rac1 Rfe8 16. Bb3 Qc6 17. Qg4 h6 18. Be3 Nf6 19. Qh3 Qe4 20. Bd1 Qg6
21. c4 Rac8 22. Be2 Bc6 23. Rfe1 Red8 24. Red1 Rb8 25. Bf4 Rb7 26. f3 b5 27.
Be5 bxc4 28. Bxc4 Ba4 29. Re1 Rb4 30. a3 Rb7 31. Qh4 Rc8 $4 ({This careless
move is elegantly refuted by White. After} 31... Bc2 {Black retained good
counterchances.}) {[%tqu "En","How to take advantage of Black's last imprudent
rook move?","Exploit a shaky position of Black's c8-rook.","Use your
light-squared bishop for the decisive blow.","c4d3","This is a winning move!",
3]} 32. Bd3 $1 {[%csl Gc1,Rc8,Gd3,Rg6][%cal Gc1c8] This elegant move yields
White a decisive material advantage.} Qxd3 (32... Rxc1 33. Bxg6 Rxe1+ 34. Qxe1
fxg6 35. Bxf6 {is, of course, hopeless for Black.}) 33. Rxc8+ Ne8 34. Qg4 g5
35. Qe4 Qd2 36. Qe3 Qa2 37. d5 $1 {Preventing 37...Rb2 and getting ready for
launching attack on the kingside.} Qxd5 38. h4 $1 {[%csl Ge3,Rg5,Gh4]} Bd7 39.
Rc5 Qb3 40. Rc3 Qb6 41. Bd4 Qa5 42. Rc5 1-0

[Event "RUS-chT 03rd"]
[Site "Kazan"]
[Date "1995.??.??"]
[Round "1"]
[White "Lugovoi, Aleksei"]
[Black "Brodsky, Michail"]
[Result "1-0"]
[WhiteElo "2490"]
[BlackElo "2555"]
[Annotator "Baburin,A"]
[PlyCount "105"]
[EventDate "1995.??.??"]
[EventType "team-tourn"]
[EventRounds "9"]
[EventCountry "RUS"]
[SourceTitle "CBM 051"]
[Source "ChessBase"]
[SourceDate "1996.04.01"]
[SourceVersion "1"]
[SourceVersionDate "1996.04.01"]
[SourceQuality "1"]
[WhiteTeam "Sankt Petersburg FINEK"]
[BlackTeam "Azov Ladya"]
[WhiteTeamCountry "RUS"]
[BlackTeamCountry "RUS"]

1. d4 Nf6 2. c4 e6 3. Nc3 Bb4 4. e3 O-O 5. Bd3 d5 6. Nf3 c5 7. O-O cxd4 8. exd4
dxc4 9. Bxc4 b6 10. Bg5 Bb7 11. Re1 Nbd7 12. Rc1 Rc8 13. Bd3 Re8 14. Bh4 Be7
15. Ne5 Nxe5 16. dxe5 Nd5 17. Bxe7 Nxe7 {I don't particularly like this idea -
the Knight was fine on d5 (what could be a better place?!), Black need not
fear the outpost at d6 too much.} (17... Qxe7) 18. Qe2 Ng6 19. Bxg6 hxg6 20.
Qe3 Re7 21. Red1 Rd7 22. Rxd7 Qxd7 23. Rd1 Bd5 24. Rd4 Rc4 25. Qd3 Rxd4 26.
Qxd4 $16 Qc6 27. f3 g5 28. Kf2 Qc4 29. Qxc4 Bxc4 30. b3 Bd3 31. Ke3 Bf1 32. Kf2
Bd3 33. Ke3 Bf1 34. g3 f5 35. exf6 gxf6 36. Ne4 Kg7 37. Nd6 a6 38. Kf2 Bd3 39.
Ke3 Bb1 40. a3 e5 41. b4 Kf8 42. Ne4 Kf7 43. Nc3 Bf5 44. Na4 g4 45. fxg4 Bxg4
46. Nxb6 Ke6 47. Na4 Kd5 48. Nc5 Bc8 49. h4 a5 50. h5 axb4 51. axb4 Bf5 52. h6
Bc2 53. Nd3 1-0

[Event "CRO-ch"]
[Site "Slavonski Brod"]
[Date "1995.??.??"]
[Round "?"]
[White "Lalic, Bogdan"]
[Black "Hulak, Krunoslav"]
[Result "1-0"]
[WhiteElo "2590"]
[BlackElo "2545"]
[Annotator "Baburin,A"]
[PlyCount "97"]
[EventDate "1995.02.??"]
[EventType "tourn"]
[EventRounds "13"]
[EventCountry "CRO"]
[EventCategory "10"]
[SourceTitle "CBM 048"]
[Source "ChessBase"]
[SourceDate "1995.10.01"]
[SourceVersion "1"]
[SourceVersionDate "1995.10.01"]
[SourceQuality "1"]

1. d4 Nf6 2. c4 e6 3. Nc3 Bb4 4. e3 c5 5. Bd3 d5 6. Nf3 O-O 7. O-O cxd4 8. exd4
dxc4 9. Bxc4 b6 10. Bg5 Bb7 11. Bd3 Nbd7 12. Re1 Be7 13. Qe2 Re8 14. Rac1 g6
15. Ba6 $5 {Black is well prepared for the standard White attack on the Kside,
but White may also try to play on the opposite flank. He wants to weaken the
c6-square and establish control over the c-file. In this game he succeeded.}
Bxa6 16. Qxa6 Kg7 (16... Qc8 $5 17. Qd3 Qb7) 17. Red1 Qb8 18. g3 Bd6 19. Bxf6+
Nxf6 20. Nb5 $16 {The White pieces feel very comfortable on the weakened light
coloured squares: a6 & b5.} Nd5 21. a3 Rd8 22. Rc6 Ne7 23. Rc4 h6 24. Rdc1 g5
$6 25. Nd2 Nd5 26. Ne4 Be7 27. Nec3 $1 {The strong Nd5 must be exchanged!} Nxc3
28. R1xc3 e5 29. d5 e4 30. Rxe4 Bf6 31. Rd3 Bxb2 32. d6 Re8 33. Rde3 Rxe4 34.
Rxe4 Qc8 35. Qxc8 Rxc8 36. Nxa7 Rc1+ 37. Kg2 Rd1 38. Nb5 $18 Kf6 39. Rc4 Rc1
40. Rb4 Be5 41. f4 gxf4 42. gxf4 Rc2+ 43. Kf3 Bb2 44. h4 Rd2 45. Ke4 Ke6 46.
f5+ Kf6 47. Nc7 Re2+ 48. Kd3 Bxa3 49. Kxe2 1-0

[Event "Moscow"]
[Site "Moscow"]
[Date "1981.04.??"]
[Round "12"]
[White "Portisch, Lajos"]
[Black "Andersson, Ulf"]
[Result "1-0"]
[WhiteElo "2650"]
[BlackElo "2610"]
[Annotator "Belov,I"]
[PlyCount "83"]
[EventDate "1981.04.08"]
[EventType "tourn"]
[EventRounds "13"]
[EventCountry "URS"]
[EventCategory "15"]
[SourceTitle "MCL"]
[Source "ChessBase"]
[SourceDate "1999.07.01"]
[SourceVersion "1"]
[SourceVersionDate "1999.07.01"]
[SourceQuality "1"]

1. c4 c5 2. Nf3 Nf6 3. Nc3 e6 4. e3 b6 (4... Nc6 5. d4 d5 {-D40/}) 5. d4 cxd4 (
5... g6 $5 6. Be2 Bg7) 6. exd4 Bb4 (6... Bb7 7. a3 (7. Bd3 Be7 8. O-O d5 9.
cxd5 Nxd5 10. Ne5 $14) 7... d5 8. cxd5 Nxd5 9. Ne5 $14) 7. Bd3 Bb7 8. O-O O-O
9. Bg5 Bxc3 (9... Be7 10. Re1 d5 $14) 10. bxc3 d6 11. Nd2 $14 Nbd7 12. a4 Qc7 (
12... a5 $6 {>< b6/}) 13. Re1 (13. a5 $5) 13... Qc6 14. f3 Rac8 15. Qb3 h6 16.
Bh4 d5 (16... Rfe8 $5) 17. Rac1 Rfe8 (17... dxc4 18. Bxc4 a6 19. Bd3 $14) 18.
cxd5 $1 Qxd5 (18... exd5 $6 19. Rxe8+ Rxe8 20. Bb5 Qc7 21. Bxf6 $16) (18...
Nxd5 19. Bb5 Qc7 20. Bg3 Qd8 21. Ne4 $16) 19. Qxd5 exd5 (19... Bxd5 20. Ba6 Ra8
21. Ne4 $16) (19... Nxd5 20. Ne4 $16) 20. Rxe8+ Rxe8 21. Bb5 a6 $6 (21... Rc8
$142 $14) 22. Bf1 Nh5 (22... Rc8 $5) 23. c4 $1 dxc4 24. Rxc4 $1 $16 Nf8 (24...
Rc8 25. Rxc8+ Bxc8 26. Nc4 $18) 25. Rc7 Rb8 26. Bc4 Ne6 27. Rd7 b5 28. axb5
axb5 29. Bb3 Nhf4 30. Kf2 Bc6 31. Rd6 Be8 32. Bg3 {/\ Re6!/} g5 $8 33. Ne4 (33.
d5 Nc5) 33... Ra8 34. h4 $1 Ra3 (34... gxh4 35. Bxh4) 35. Bxe6 Nxe6 36. hxg5
hxg5 37. Be5 $18 Ra2+ 38. Kg1 Kf8 39. Nf6 Ra8 40. Rb6 Ke7 (40... Nd8 41. Bd6+
Kg7 42. Nxe8+ $18) (40... Nf4 41. Nh7+ Kg8 42. Nxg5 $18) 41. Rb7+ Kf8 42. d5
1-0

[Event "Yerevan op"]
[Site "Yerevan"]
[Date "1996.??.??"]
[Round "5"]
[White "Vaisser, Anatoli"]
[Black "Kudrin, Sergey"]
[Result "1-0"]
[WhiteElo "2565"]
[BlackElo "2535"]
[Annotator "Belov,I"]
[PlyCount "65"]
[EventDate "1996.??.??"]
[EventType "swiss"]
[EventRounds "11"]
[EventCountry "ARM"]
[SourceTitle "CBM 052 Extra"]
[Source "ChessBase"]
[SourceDate "1996.07.01"]
[SourceVersion "1"]
[SourceVersionDate "1996.07.01"]
[SourceQuality "1"]

1. d4 Nf6 2. c4 e6 3. Nc3 Bb4 4. e3 O-O 5. Bd3 c5 6. Nf3 d5 7. O-O dxc4 8. Bxc4
cxd4 9. exd4 Nbd7 (9... b6 $5) 10. Bg5 (10. Bb3 Bxc3 11. bxc3 b6 12. Bf4 Bb7
13. c4 Re8 14. Re1 Nh5 15. Bd6 Ndf6 16. Be5 {Panno,O-Sadler,M/Buenos Aires/
1995/0,5/28/}) 10... Qa5 (10... Bxc3 11. bxc3 Qc7 12. Qd3 b6 13. Bh4 Nh5 14.
Ng5 Ndf6 15. Bg3 Qc6 16. Bb5 Qd5 17. Be5 Bb7 18. f3 $16 {Gulko,B-Tatai,S/Roma/
1988/}) 11. Qd3 $5 (11. Rc1 Bxc3 12. Rxc3 b5 13. Ra3 Qb6 14. Rb3 a6 15. a4 Qc7
16. Bd3 bxa4 17. Rc3 Qa5 $13 {Ljubojevic,L-Kortschnoj,V/Leon/1994/0,5/81/}) (
11. Qe2 Bxc3 12. bxc3 b6 13. Ne5 Bb7 14. Nxd7 Nxd7 15. Bd2 Qf5 16. Bd3 Qd5 17.
f3 Nf6 18. Be3 e5 $10 {Vaisser,A-Kortschnoj,V/New York 25'/1994/0:1/30/}) 11...
h6 12. Bf4 Nb6 $6 (12... b6 $142 $14) 13. Bb3 Bxc3 (13... Nbd5 14. Nxd5 exd5 (
14... Nxd5 15. Bc2 f5 16. Be5 $16) 15. a3 Be7 16. Rfe1 $16) 14. bxc3 Nbd5 15.
Bd2 Qc7 16. Ne5 Nd7 (16... b6 $142 17. c4 Ne7 18. Bf4 Qd8 19. Rad1 Bb7 $14) 17.
f4 $16 Rd8 (17... b6 18. Bc2 N5f6 19. Qg3 Bb7 20. f5 $40) 18. Rae1 (18. Bc2 Nf8
) 18... Nf8 19. Qf3 f6 (19... b6 $4 20. c4 $16) 20. Nd3 f5 (20... Kh8 21. Kh1
Qd6 22. c4 Ne7 23. Bb4 Qc7 24. d5 $40) 21. g4 $1 g6 (21... fxg4 22. Qxg4 b6 23.
Ne5 Bb7 24. f5 $40) 22. gxf5 gxf5 23. Rf2 Nf6 24. Rg2+ Kh7 25. Qg3 b6 {[#]} 26.
Bxe6 $1 Bxe6 27. Rxe6 Ng4 (27... Nxe6 28. Qg6+ Kh8 29. Qxf6+ Ng7 30. Ne5 $18)
28. Re5 $1 Qf7 (28... Nxe5 29. Qg8#) 29. h3 Nf6 (29... Nxe5 30. Nxe5 $18) 30.
Rxf5 $18 N8d7 31. Ne5 Nxe5 (31... Qf8 32. Qg6+ Kh8 33. Nf7+ $18) 32. fxe5 Rg8
33. Rxf6 1-0

[Event "Moscow"]
[Site "Moscow"]
[Date "1981.04.??"]
[Round "7"]
[White "Timman, Jan H"]
[Black "Polugaevsky, Lev"]
[Result "1/2-1/2"]
[WhiteElo "2620"]
[BlackElo "2620"]
[Annotator "Belov,I"]
[PlyCount "77"]
[EventDate "1981.04.08"]
[EventType "tourn"]
[EventRounds "13"]
[EventCountry "URS"]
[EventCategory "15"]
[SourceTitle "MCL"]
[Source "ChessBase"]
[SourceDate "1999.07.01"]
[SourceVersion "1"]
[SourceVersionDate "1999.07.01"]
[SourceQuality "1"]

1. d4 Nf6 2. c4 e6 3. Nc3 Bb4 4. e3 c5 5. Bd3 d5 6. Nf3 O-O 7. O-O dxc4 8. Bxc4
cxd4 9. exd4 b6 10. Bg5 (10. Re1 Bb7 11. Bg5) (10. Qe2 Bb7 11. Bg5) 10... Bb7
11. Re1 (11. Qe2 $5 Nbd7 12. Ne5 (12. Rac1 Bxc3 13. Rxc3 Qb8 14. Bh4 Ne4 15.
Re3 Qf4 $10 {Knaak,R-Inkiov,V/DDR-BUL/1982/0:1 (49) Inf 34/684/}) 12... Bxc3
13. bxc3 Qc7 14. Nxd7 Nxd7 15. Rac1 Rac8 16. Bd3 $14 {Knaak,R-Vaisser,A/Szirak/
1985/0:1 (57) Inf 40/719/}) 11... Nbd7 12. Rc1 Rc8 13. Bd3 Be7 (13... Bxc3 14.
bxc3 Qc7 15. Bh4 Qf4 $1 16. Bg3 Qg4 17. Be2 Qf5 $10 {Dvorietzky,M-Vasiukov,E/
Frunze/1983/}) (13... Re8 14. Qe2 Bxc3 15. bxc3 Qc7 16. Bh4 Nh5 17. Qe3 Ndf6
18. Bg3 Nxg3 $10 {Portisch,L-Andersson,U/Buenos Aires(ol)/1978/}) 14. Qe2 Nd5
15. Nxd5 (15. Qe4 g6 16. Qh4 Bxg5 17. Nxg5 N7f6 18. Qh6 $13 {Gligoric,
S-Polugaevsky,L/Plovdiv/1983/0,5 (18)/}) 15... Bxg5 16. Rxc8 Bxc8 17. Nb4 Bb7
18. Be4 Be7 $1 $10 (18... Bxe4 19. Qxe4 $14 {>< c6/}) 19. Bxb7 Bxb4 20. Rc1 Bd6
21. g3 (21. Rc8 Qe7) 21... g6 22. Qa6 Bb8 23. Rc8 Qe7 24. Bc6 Nf6 $1 25. a3
Rxc8 26. Qxc8+ Qf8 27. Qb7 Qd8 28. b4 Qc7 29. Qa8 (29. Qxc7 Bxc7 $10) 29... a5
30. Ne5 axb4 31. axb4 Qa7 32. Qxa7 Bxa7 33. Nc4 {/\ b5+/= ץa7/} b5 34. Nd6
Bxd4 35. Nxb5 Bb6 36. h3 Kf8 37. Nd6 Bd4 38. Nc8 Nd5 39. b5 1/2-1/2

[Event "Bugojno"]
[Site "Bugojno"]
[Date "1978.03.16"]
[Round "15"]
[White "Portisch, Lajos"]
[Black "Karpov, Anatoly"]
[Result "0-1"]
[WhiteElo "2630"]
[BlackElo "2725"]
[Annotator "Bulletin"]
[PlyCount "80"]
[EventDate "1978.02.27"]
[EventType "tourn"]
[EventRounds "15"]
[EventCountry "YUG"]
[EventCategory "14"]
[SourceTitle "MCL"]
[Source "ChessBase"]
[SourceDate "1999.07.01"]
[SourceVersion "1"]
[SourceVersionDate "1999.07.01"]
[SourceQuality "1"]

1. d4 Nf6 2. c4 e6 3. Nc3 Bb4 4. e3 O-O 5. Bd3 c5 6. Nf3 d5 7. O-O dxc4 8. Bxc4
cxd4 9. exd4 b6 10. Bg5 Bb7 11. Re1 Nbd7 12. Rc1 Rc8 13. Bd3 Bxc3 14. bxc3 Qc7
15. c4 Rfe8 16. Qe2 h6 (16... Qc6 17. h3 Rcd8 18. Rcd1 Nf8 19. Qe5 N6d7 20. Qg3
$16 {Gligoric-Portisch, Lugano 1968}) 17. Bd2 (17. Bh4 Qf4 18. Qe3 Qg4 19. h3
Qh5 $13) 17... Bxf3 18. Qxf3 e5 19. Qg3 $2 (19. d5 Nc5 20. Bc2 e4 $13) 19...
exd4 20. Rxe8+ Nxe8 21. Bf4 Qc6 22. Bf5 {/\23.Bxd7 Qxd7 24.Bxh6} Rd8 23. h3 $19
(23. Bc7 $2 {Portisch's Plan} Nxc7 $19) 23... Nc5 24. Rd1 Qf6 25. Bb1 Qe6 26.
Kh2 Kf8 27. Be5 Qxc4 28. Qf4 Ne6 29. Qe4 Qd5 30. Qe2 Nd6 31. a4 Nc4 32. Bg3 Nc5
33. Ba2 d3 34. Qe1 Qd4 35. f3 Ne3 36. Rd2 Re8 37. Qc1 Nxa4 38. Kh1 Nc5 39. Bf2
Qe5 40. Bb1 Kg8 {/\41..Nb3 42.Qa3 Nf1} 0-1

[Event "Las Palmas op"]
[Site "Las Palmas"]
[Date "2005.12.02"]
[Round "9"]
[White "Peralta, Fernando"]
[Black "Estremera Panos, Sergio"]
[Result "1-0"]
[WhiteElo "2535"]
[BlackElo "2366"]
[Annotator "CB"]
[PlyCount "45"]
[EventDate "2005.11.25"]
[EventType "swiss"]
[EventRounds "9"]
[EventCountry "ESP"]
[SourceTitle "CBM 109 Extra"]
[Source "ChessBase"]
[SourceDate "2006.01.03"]
[SourceVersion "2"]
[SourceVersionDate "2006.01.03"]
[SourceQuality "1"]

1. d4 Nf6 2. c4 e6 3. Nc3 Bb4 4. e3 {La variante Rubinstein de la Defensa
Nimzoindia, permite a las blancas estudiar el desarrollo del N por e2 o f3
según la situación.} O-O 5. Bd3 d5 6. Nf3 c5 7. O-O cxd4 8. exd4 dxc4 9. Bxc4
b6 {Esta posición fué defendida por Karpov en innumerables ocasiones y
constituye una de las formas más sólidas de jugar contra esta variante.} 10.
Bg5 Bb7 11. Qe2 Bxc3 12. bxc3 Nbd7 13. Ne5 Qc7 14. Nxd7 Nxd7 15. Rac1 {Las
blancas cuentan con la pareja de alfiles y alguna ventaja de espacio. En
compensación, las negras disponen de una estructura de peones más sólida.} Qc6
{Provocando el siguiente debilitamiento que evitará que la Q blanca se sitúe
en g4.} 16. f3 Rac8 17. Bd3 (17. Bb3 b5 $1 {con buen bloqueo.}) 17... Qd6 18.
Qc2 $5 {Una sutileza. Provocando el avance h7-h6 las negras no podrán girar su
N a d7 vía f8. Además el enroque queda un tanto expuesto.} h6 19. Bh4 Bd5 $5 {
Las negras intentan Bd5-c4 con mejor posición.} 20. Bg3 Qe7 (20... Qa3 21. c4
b5 (21... Bxc4 $2 22. Bxc4 b5 23. Qb3) 22. Qb3 $1 Qxb3 23. axb3 bxc4 24. bxc4 {
seguido de 25.Ra1 con mejor final.}) 21. Qe2 Qa3 22. c4 b5 $2 {Una tragedia,
típica de las partidas matinales.} ({Con} 22... Bb7 {la posición está llena de
posibilidades.}) 23. Qe3 $1 {Esta jugada cumple dos propósitos: defiende la
Rc1 (necesario para capturar el Bd5) y amenaza la descubierta Bd3-h7. Las
negras incapaces de solucionar ambos problemas pierden material. Comentarios
del G. M. Fernando Peralta.-} 1-0

[Event "Buenos Aires"]
[Site "Buenos Aires"]
[Date "1980.??.??"]
[Round "?"]
[White "Hort, Vlastimil"]
[Black "Ljubojevic, Ljubomir"]
[Result "1/2-1/2"]
[WhiteElo "2595"]
[BlackElo "2590"]
[Annotator "Chekhov,V"]
[PlyCount "36"]
[EventDate "1980.10.15"]
[EventType "tourn"]
[EventRounds "13"]
[EventCountry "ARG"]
[EventCategory "13"]
[SourceTitle "MCL"]
[Source "ChessBase"]
[SourceDate "1999.07.01"]
[SourceVersion "1"]
[SourceVersionDate "1999.07.01"]
[SourceQuality "1"]

1. d4 Nf6 2. c4 e6 3. Nc3 Bb4 4. Nf3 c5 5. e3 (5. g3 $5) 5... O-O 6. Bd3 d5 7.
O-O dxc4 8. Bxc4 Nbd7 9. Qe2 (9. Qb3 $5 a6 10. a4 Qe7 11. Rd1 Rd8 12. Bd2 h6 $5
13. Ne2 $5 Bxd2 14. Rxd2 $14 {Vaisser,A-Beliavsky,A/Novosibirsk/1993/1:0 (39)
Inf 58/600/}) 9... cxd4 10. exd4 Bxc3 $6 (10... a6 11. a4 Nb6 12. Bd3 Nbd5 13.
Nxd5 exd5 14. Bg5 (14. Ne5 $5 $14) 14... Qd6 15. Ne5 Ne4 16. Bf4 Qe7 $10 {
Ivanchuk,V-Speelman,J/Reykjavik/1991/0,5 (27) Inf 52/583/}) (10... b6 $5) 11.
bxc3 b6 12. Ne5 (12. Bd3 $5 Bb7 13. c4 {/\Bb2,Rad1|^/}) 12... Bb7 (12... Nxe5
13. dxe5 Nd5 14. Qe4 Bb7 15. Bd3 g6 16. Bh6 $36) 13. Bg5 $5 (13. Bd3 $5 Qc7 14.
c4) 13... Qc7 14. Nxd7 (14. Bf4 Rac8 $5) 14... Nxd7 15. Rac1 e5 $1 16. Bb3 h6
17. Bh4 (17. Be3 Nf6 $1) 17... Rac8 $1 18. Qd2 (18. Bc2 $5 Rfe8 19. Rfe1 {
/\Bg3/}) 18... Rfe8 (18... Rfe8 19. Bg3 Qc6 20. f3 exd4 21. cxd4 Qg6 $13)
1/2-1/2